000 00753nam a2200217 a 4500
999 _c5395
_d5395
001 5395
003 BD-JhCC
005 20171213185947.0
008 171213s13631383bg |||| ||a| 00| 0 ben d
035 _a(BD-JhCC)5395
040 _aBD-JhCC
_dBD-JhCC
041 _aben
082 _a610.72
_bMON 1363
100 _aমণ্ডল, সন্তোষকুমার
245 _aহোমিওপ্যাথিক গো-চিকিৎসা /
_cসন্তোষকুমার মণ্ডল
260 _aকলকাতা :
_bহ্যানিম্যান পাবলিশিং কোং প্রাইভেট লিঃ,
_c1363.
300 _a340 p. :
_c18 cm.
650 _aMedical Research
942 _2ddc
_cBK